000 00725nam a22002417a 4500
001 BR7601717
003 BR-BrBNA
005 20230928084931.0
007 ta
008 230509b bl.||||| |||| 00| 0 por d
040 _aBR-BrBNA
_bpor
_cBiblioteca Nacional de Agricultura
041 _a(Por)
072 _aF24; F28
_b/G514
090 _ F24 BR7601717
110 1 _aEmpresa Brasileira de Pesquisa Agropecuaria, Brasilia, DF
_93834
245 1 _aProjeto de implantacao do Servico Nacional de Levantamento e Conservacao do Solo (SNLCS)[Brasil]
260 3 _aBrasilia, DF (Brasil):
_c1976.
300 _a38 p.
650 _aCONSERVACAO DO SOLO
650 _aSOLO
909 _a202309
_bLucia
_c55
_dLucia Elande
942 _cBK
999 _c21962
_d21962